000 01103nam a2200253Ia 4500
003 OSt
005 20220930095000.0
006 a|||||r|||| 00| 0
007 ta
008 220926b |||||||| |||| 00| 0 hin d
024 _a62878
037 _cTheses
040 _aCRL
_cCRL
_bhin
041 _2hin
_ahin
100 _aचन्द्रकला, ले.
110 _aदिल्ली विश्वविद्यालय. कला संकाय. हिन्दी विभाग
245 0 _aमुक्तिबोध और रघुवीर सहाय के काव्य की राजनीतिक चेतना का तुलनात्मक अध्ययन
246 _aMuktibodh aur raghuvīr sahāya ke kāvya kī rājanītik chetanā kā tulanātmak adhyayana
260 _c2017
300 _a384पृ0
_ap.
_ccm.
700 _aदिल्ली विश्वविद्यालय. कला संकाय. हिन्दी विभाग
942 _cDIS
_2CC
999 _c888104
_d888104